00837nam a22002537a 450000500170000001000260001702000260004302000320006903500130010103500130011403700170012703700130014408200110015710000220016824500890019025000120027926000390029127000600033030000340039050000650042465000330048965000370052270000240055920170717102657.0 a1516ENO7 ENG-114732 a9789332550292c325.00 a9789332550292c349.00 (AV) aEN-98264 aB-668049 aDPLbTechniz bDBAD/PUB a300.72 aMcTavish, Don G.  aSocial research :ban evolving process /cby Don G. McTavish [and] Herman J. Loether a2nd ed aNew DelhibPearson Educationc2015 a11 Community Center, Panchsheel ParkbNew Delhie110017 axiii,354p. :c24cm(pbk)bill. a Includes bibliographical references (p. 339-340) and index. aSocial sciences xResearch. a Social sciences xMethodology. aLoether, Herman J.